000 01508cam a2200373 a 4500
003 CHAP
005 20220329142138.0
008 000111d1999 mx a r 00010 spa d
010 _a79161
011 _a80133
020 _a9701504070
035 _a90575
040 _cCHAP
082 0 4 _a634
_bG55 1999
100 0 0 _aGil Salaya, Gonzalo F.
_947948
245 1 0 _aFruticultura :
_bel potencial productivo : crecimiento vegetativo y diseño de huertos y viñedos
_c/por Gonzalo F. Gil Salaya
250 _a2 ed.
260 _aMéxico, D. F. :
_bAlfaomega,
_c1999.
300 _a342 p. :
_bilus. ; gráfs. ; cuadros
490 0 _aAgronomía
590 _aBATCH-UPD
_b10
_c20130110
_lUCH01
_h2003
590 _aCONVERSION
_b10
_c20130109
_lUCH01
_h1344
650 1 4 _aFruticultura.
_943684
830 0 _aAgronomía
_92195
901 _aBK
905 _aLilia Sánchez G.
942 _cLIBRO
949 _a634 G55 1999
_bBC
_cLIBRO
_d33724000732632
_eLIBRO
_gI. 199678
_h96427
_i90575
_si
_t$178.00
949 _a634 G55 1999
_bBC
_cLIBRO
_d33724000793402
_eLIBRO
_fc.2
_gI.208344
_h99071
_i90575
_si
_t$168.30
949 _a634 G55 1999
_bBC
_cLIBRO
_d33724000817425
_eLIBRO
_fc.3
_gI. 210688
_h99784
_i90575
_si
_t$178.20
949 _a634 G55 1999
_bBC
_cLIBRO
_d33724000962700
_eLIBRO
_fc.4
_gI. c/e
_h106484
_i90575
_si
_t$198.00
949 _a634 G55 1999
_bBC
_cLIBRO
_d33724000962767
_eLIBRO
_fc.5
_gI. c/e
_h106485
_i90575
_si
_t$198.00
949 _a634 G55 1999
_bBC
_cLIBRO
_d33724000962825
_eLIBRO
_fc.6
_gI. c/e
_h106486
_i90575
_si
_t$198.00
999 _c79161
_d79161